[Event "Vindolanda"]
[Site "SchemingMind.com"]
[Date "2023.04.18"]
[Round "-"]
[White "Robert Bruce"]
[Black "William Lindberg"]
[Result "1/2-1/2"]
[WhiteCountry "SCO"]
[BlackCountry "USA"]
[WhiteElo "2289"]
[WhiteRD "70"]
[BlackElo "2346"]
[BlackRD "63"]
[GameID "733253"]

1. e4 c5 2. Nf3 e6 3. Nc3 a6 4. g3 b5 5. Bg2 Bb7 6. d3 Be7 7. O-O d6 8. d4 cxd4 9. Nxd4 Nc6 10. a4 b4
11. Na2 a5 12. Nxc6 Bxc6 13. c3 Nf6 14. cxb4 Bxe4 15. Bxe4 Nxe4 16. Qg4 Nf6 17. Qxg7 Rg8 18. Qh6 d5 19. bxa5 Qxa5 20. Bd2 Qb6
21. Nc3 Qd8 22. Qf4 Kf8 23. Qe5 Ng4 24. Qe2 Rg6 25. Nb5 Kg8 26. a5 h5 27. Rfc1 Bf6 28. Rc6 h4 29. a6 Be5 30. Kg2 Qf6
31. f4 Bxb2 32. Re1 Nh6 33. Nd6 hxg3 34. hxg3 Ba3 35. Qe5 Bxd6 36. Qxf6 Rxf6 37. Rxd6 Nf5 38. Rb6 Rg6 39. Ra1 Rxg3+ 40. Kf1 Rf3+
41. Ke1 Rh3 42. Ra4 Rh8 43. a7 Kg7 44. Bc3+ d4 45. Bb4 Rac8 46. Kd2 Rh2+ 47. Kd3 Rh3+ 48. Kd2 Rh2+ 49. Kd3=
1/2-1/2

[Event "Vindolanda"]
[Site "SchemingMind.com"]
[Date "2023.04.18"]
[Round "-"]
[White "William Lindberg"]
[Black "Robert Bruce"]
[Result "1/2-1/2"]
[WhiteCountry "USA"]
[BlackCountry "SCO"]
[WhiteElo "2346"]
[WhiteRD "63"]
[BlackElo "2289"]
[BlackRD "70"]
[GameID "733254"]

1. e4 e5 2. Nf3 Nc6 3. Bb5 a6 4. Ba4 Nf6 5. O-O Be7 6. Re1 b5 7. Bb3 d6 8. c3 O-O 9. h3 Nb8 10. d4 Nbd7
11. a4 Rb8 12. Bc2 c5 13. b3 exd4 14. axb5 axb5 15. cxd4 d5 16. Bf4 Rb6 17. Nc3 dxe4 18. Nxe4 Nxe4 19. Bxe4 Nf6 20. dxc5 Qxd1
21. Rexd1 Bxc5 22. Bd3 Rb7 23. Rdc1 Ba7 24. Rc7 Bb8 25. Rxb7 Bxb7 26. Bxb8 Rxb8 27. Bxb5 Bxf3 28. gxf3 Kf8 29. Bc4 Ne8 30. Ra7 Nd6
31. Kg2 Nxc4 32. bxc4 Rc8 33. Ra4 Ke8 34. Kf1 Kd7 35. Kg2 Ke7 36. f4 Ke6 37. Kg3 Rc5 38. Kf3 g6 39. h4 Ke7 40. Rb4 Rh5
41. Ke3 Rxh4 42. Rb7+ Kf6 43. Rb6+ Ke7 44. Rb7+ Ke6 45. Rb6+ Kd7 46. Rb7+ Ke6 47. Rb6+ Kd7 48. Rb7+ Ke6=
1/2-1/2

[Event "Vindolanda"]
[Site "SchemingMind.com"]
[Date "2023.04.18"]
[Round "-"]
[White "Robert Bruce"]
[Black "Matthew Bailey"]
[Result "0-1"]
[WhiteCountry "SCO"]
[BlackCountry "ENG"]
[WhiteElo "2289"]
[WhiteRD "70"]
[BlackElo "2607"]
[BlackRD "75"]
[GameID "733255"]

1. e4 e5 2. f4 exf4 3. Nf3 Nf6 4. e5 Nh5 5. Be2 g5 6. O-O h6 7. Re1 Ng7 8. d4 d5 9. exd6 Bxd6 10. Bb5+ Kf8
11. Nbd2 Bf5 12. Ne4 Nd7 13. a4 Bxe4 14. Rxe4 Nh5 15. Qd3 Kg7 16. Re2 a6 17. Bc4 Qf6 18. Bd2 Rhe8 19. Bc3 g4 20. d5 Ne5
21. Nxe5 Bxe5 22. Rxe5 Rxe5 23. Qd1 g3 24. hxg3 Nxg3 25. Qg4+ Kh8 26. a5 Rg8 27. Qd1 Rgg5 28. Bd3 Rh5 29. Qg4 Rh1+
0-1

[Event "Vindolanda"]
[Site "SchemingMind.com"]
[Date "2023.04.19"]
[Round "-"]
[White "Matthew Bailey"]
[Black "Robert Bruce"]
[Result "1-0"]
[WhiteCountry "ENG"]
[BlackCountry "SCO"]
[WhiteElo "2599"]
[WhiteRD "74"]
[BlackElo "2300"]
[BlackRD "67"]
[GameID "733256"]

1. d4 Nf6 2. c4 b6 3. f3 Nc6 4. Nc3 d5 5. Qa4 Qd7 6. cxd5 Nxd5 7. Nxd5 Qxd5 8. e4 Qd6 9. Bb5 Bd7 10. d5 Qb4+
11. Bd2 Nd8 12. Bxd7#
1-0

[Event "Vindolanda"]
[Site "SchemingMind.com"]
[Date "2023.04.17"]
[Round "-"]
[White "William Lindberg"]
[Black "Matthew Bailey"]
[Result "1/2-1/2"]
[WhiteCountry "USA"]
[BlackCountry "ENG"]
[WhiteElo "2366"]
[WhiteRD "65"]
[BlackElo "2599"]
[BlackRD "74"]
[GameID "733257"]

1. d4 d5 2. c4 e6 3. Nf3 Nf6 4. Nc3 Bb4 5. g3 O-O 6. Bg2 dxc4 7. a3 Bxc3+ 8. bxc3 c5 9. O-O cxd4 10. Qxd4 Nc6
11. Qxc4 e5 12. Bg5 h6 13. Bxf6 Qxf6 14. Nd2 Qe7 15. Qb5 Bg4 16. Rfe1 Rac8 17. Nc4 Be6 18. Ne3 Rfd8 19. c4 a6 20. Qb2 Na5
21. Qb4 Qxb4 22. axb4 Nxc4 23. Bxb7 Rb8 24. Nxc4 Bxc4 25. Bxa6 Rxb4 26. Bxc4 Rxc4 27. h4 Rd2 28. Ra7 Rcc2 29. Rb1 Rb2=
1/2-1/2

[Event "Vindolanda"]
[Site "SchemingMind.com"]
[Date "2023.04.18"]
[Round "-"]
[White "Matthew Bailey"]
[Black "William Lindberg"]
[Result "1/2-1/2"]
[WhiteCountry "ENG"]
[BlackCountry "USA"]
[WhiteElo "2599"]
[WhiteRD "74"]
[BlackElo "2366"]
[BlackRD "65"]
[GameID "733258"]

1. Nf3 d5 2. g3 Nf6 3. Bg2 g6 4. O-O Bg7 5. c4 dxc4 6. Qa4+ Nfd7 7. Qxc4 O-O 8. d3 Nc6 9. Nc3 h6 10. Qh4 g5
11. Qe4 Nb6 12. Bxg5 hxg5 13. Nxg5 f5 14. Qh4 Rf6 15. Qh7+ Kf8 16. Qh5 Kg8 17. Qh7+=
1/2-1/2

[Event "Vindolanda"]
[Site "SchemingMind.com"]
[Date "2023.04.20"]
[Round "-"]
[White "Robert Bruce"]
[Black "palberto1963"]
[Result "0-1"]
[WhiteCountry "SCO"]
[BlackCountry "ESP"]
[WhiteElo "2329"]
[WhiteRD "67"]
[BlackElo "2516"]
[BlackRD "82"]
[GameID "733283"]

1. c4 e5 2. g3 Nf6 3. Bg2 d5 4. cxd5 Nxd5 5. Nc3 Nb6 6. Nf3 Nc6 7. O-O Be7 8. a3 O-O 9. b4 Be6 10. Rb1 f6
11. d3 a5 12. b5 Nd4 13. Nd2 Qc8 14. e3 Nf5 15. Bb2 Rd8 16. Qc2 Nd6 17. Rfd1 a4 18. Bc1 Bd7 19. e4 Kh8 20. Nf3 Be6
21. Be3 Nf7 22. Qb2 Bb3 23. Rd2 Qe6 24. Ne1 Nd7 25. Nd5 Bd6 26. Rc1 Rdc8 27. Rb1 c6 28. Nc3 cxb5 29. Nc2 Bc7 30. Nxb5 Ba5
31. Nb4 Nb8 32. d4 Na6 33. d5 Qe7 34. d6 Qd7 35. Nc7 Nxc7 36. dxc7 Qxc7 37. Bh3 Bxb4 38. axb4 Rd8 39. Rc1 Rxd2 40. Bxd2 Qd6
41. Be3 Ng5 42. Bxg5 fxg5 43. Bc8 Qd4 44. Qxd4 exd4 45. Bxb7 Rd8 46. Bd5 d3 47. Bxb3 axb3 48. Rd1 b2 49. f3 Rc8 50. Kf2 Rc1
51. Rxd3 h5 52. Rb3 b1=Q
0-1

[Event "Vindolanda"]
[Site "SchemingMind.com"]
[Date "2023.04.19"]
[Round "-"]
[White "palberto1963"]
[Black "Robert Bruce"]
[Result "1-0"]
[WhiteCountry "ESP"]
[BlackCountry "SCO"]
[WhiteElo "2516"]
[WhiteRD "82"]
[BlackElo "2329"]
[BlackRD "67"]
[GameID "733284"]

1. Nf3 b6 2. g3 c5 3. Bg2 Bb7 4. c4 g6 5. d4 cxd4 6. Qxd4 Nf6 7. Nc3 Bg7 8. O-O d6 9. Be3 Nbd7 10. Rac1 Rc8
11. Rfd1 O-O 12. Qh4 a6 13. h3 Re8 14. b3 Qc7 15. g4 Qb8 16. g5 Nh5 17. Qg4 Bxc3 18. Rxc3 Rc7 19. Ne1 b5 20. Bxb7 Qxb7
21. Nd3 a5 22. Rcc1 bxc4 23. Rxc4 Ng7 24. Rdc1 Rxc4 25. Qxc4 Kf8 26. f3 Nf5 27. Bf2 Ra8 28. Kg2 Ng7 29. Nf4 Ne5 30. Qd5 Qa6
31. Rc3 Nh5 32. Nxh5 gxh5 33. Rc2 Rb8 34. Qe4 Ng6 35. Qc4 Qb7 36. Be1 Ra8 37. Bd2 Ne5 38. Qc3 Qd5 39. Kg3 a4 40. b4 Rd8
41. f4 Ng6 42. Qd3 Qh1 43. Rc1 h4+ 44. Kg4 Qh2 45. Qf3 e5 46. f5 e4 47. Qf1 Qg3+ 48. Kh5 Ne7 49. f6 Ng6 50. Qf5 Kg8
51. b5 h6 52. Kxh6 Nf8 53. Ba5 Ra8 54. Rc8
1-0

[Event "Vindolanda"]
[Site "SchemingMind.com"]
[Date "2023.04.18"]
[Round "-"]
[White "William Lindberg"]
[Black "palberto1963"]
[Result "1/2-1/2"]
[WhiteCountry "USA"]
[BlackCountry "ESP"]
[WhiteElo "2346"]
[WhiteRD "63"]
[BlackElo "2431"]
[BlackRD "97"]
[GameID "733285"]

1. e4 c5 2. Nf3 Nc6 3. Bb5 g6 4. O-O Bg7 5. Nc3 e5 6. d3 Nge7 7. Bc4 O-O 8. Nd5 h6 9. Re1 d6 10. Bd2 Nxd5
11. Bxd5 a5 12. a3 Bd7 13. b4 axb4 14. axb4 Nxb4 15. Bxb4 cxb4 16. Qd2 Qb6 17. Rab1 Ra4 18. Bb3 Ra7 19. Bd5 Ra4 20. Bb3=
1/2-1/2

[Event "Vindolanda"]
[Site "SchemingMind.com"]
[Date "2023.04.19"]
[Round "-"]
[White "palberto1963"]
[Black "William Lindberg"]
[Result "1-0"]
[WhiteCountry "ESP"]
[BlackCountry "USA"]
[WhiteElo "2512"]
[WhiteRD "83"]
[BlackElo "2345"]
[BlackRD "66"]
[GameID "733286"]

1. Nf3 d5 2. d4 Nf6 3. c4 e6 4. Nc3 c6 5. Bg5 Be7 6. e3 O-O 7. Bd3 h6 8. Bh4 dxc4 9. Bxc4 b5 10. Bd3 Bb7
11. O-O Nbd7 12. Rc1 a6 13. a4 b4 14. Ne4 Nxe4 15. Bxe7 Qxe7 16. Bxe4 Rfc8 17. Nd2 Ra7 18. h3 c5 19. Bxb7 Rxb7 20. Qe2 Ra8
21. Qf3 Rab8 22. Qe2 cxd4 23. Nb3 dxe3 24. Na5 exf2+ 25. Qxf2 Nf6 26. Nc6 Qd7 27. Nxb8 Rxb8 28. Qf4 Qa7+ 29. Kh1 a5 30. Qc7 Ra8
31. Rc5 Nd5 32. Qxa7 Rxa7 33. Rb5 f5 34. Rc1 Kf7 35. Rcc5 Rd7 36. Rxa5 Ne3 37. Rc1 Rd2 38. Re5 f4 39. a5 Rd6 40. Ra1 Ra6
41. g3 Nd5 42. gxf4 Nxf4 43. Rb5 Nd5 44. Kg2 Kf6 45. Ra4 g5 46. Kf3 Kg6 47. Rc5 Kf7 48. Ra1 Kg6 49. Ke4 Kh5 50. b3 Nf6+
51. Kd3 Nd7 52. Rc7 Nf6 53. Kc4 Nd5 54. Rh7 Kg6 55. Rb7 Kf6 56. Kb5 Ra8 57. a6 Ne7 58. Kxb4 Nd5+ 59. Kc5 Rc8+ 60. Kd6 Rd8+
61. Rd7 Rh8 62. a7 Nb6 63. Kc6 Nd5 64. a8=Q Rxa8 65. Rxa8 Nb4+ 66. Kc5 Nc2 67. Rd2 Ne3 68. Ra3 Nd5 69. Rxd5 exd5 70. Kxd5 Kg6
71. b4 Kh5 72. b5 g4 73. hxg4+ Kxg4 74. b6 Kg5 75. b7 h5 76. b8=Q
1-0

[Event "Vindolanda"]
[Site "SchemingMind.com"]
[Date "2023.04.18"]
[Round "-"]
[White "Matthew Bailey"]
[Black "palberto1963"]
[Result "1/2-1/2"]
[WhiteCountry "ENG"]
[BlackCountry "ESP"]
[WhiteElo "2573"]
[WhiteRD "68"]
[BlackElo "2472"]
[BlackRD "90"]
[GameID "733287"]

1. d4 d5 2. g3 Nf6 3. Bg2 c6 4. c4 Bf5 5. Nf3 e6 6. Nc3 h6 7. Qb3 Qb6 8. c5 Qxb3 9. axb3 Be7 10. h3 Na6
11. g4 Bh7 12. Bf4 Nd7 13. Ra4 f6 14. b4 Bc2 15. Rxa6 bxa6 16. Kd2 Be4 17. Nxe4 dxe4 18. Ne1 h5 19. Bxe4 hxg4 20. Bxc6 O-O-O
21. hxg4 Rxh1 22. Bxh1 Ne5 23. e3 Nxg4 24. Bg3 f5 25. Bf3 Nf6 26. Be2 Ne4+ 27. Kc2 Kd7 28. Bxa6 Bf6 29. Bb5+ Ke7 30. Nd3 Nxg3
31. fxg3 Rh8 32. Nf4 Rh2+ 33. Kd3 g5 34. Ne2 Rf2 35. b3 Kd8 36. Nc3 Rf3 37. Ne2 Rf2=
1/2-1/2

[Event "Vindolanda"]
[Site "SchemingMind.com"]
[Date "2023.04.18"]
[Round "-"]
[White "palberto1963"]
[Black "Matthew Bailey"]
[Result "1/2-1/2"]
[WhiteCountry "ESP"]
[BlackCountry "ENG"]
[WhiteElo "2472"]
[WhiteRD "90"]
[BlackElo "2573"]
[BlackRD "68"]
[GameID "733288"]

1. Nf3 Nf6 2. c4 c5 3. Nc3 Nc6 4. g3 d5 5. d4 cxd4 6. Nxd4 e5 7. Nxc6 bxc6 8. Bg2 d4 9. Bxc6+ Bd7 10. Bxa8 Qxa8
11. Nd5 Nxd5 12. cxd5 Qxd5 13. f3 Bc5 14. Bd2 O-O 15. Qb3 Qa8 16. a4 a5 17. O-O Rb8 18. Qc2 Bb6 19. Qe4 Bc6 20. Qxe5 Re8
21. Qf5 d3+ 22. e3 Bxe3+ 23. Bxe3 Rxe3 24. Rac1 Qe8 25. Qxa5 Re2 26. Rxc6 Qxc6 27. Qd8+ Re8 28. Qxd3 Qxa4 29. Qc3 Rb8=
1/2-1/2

[Event "Vindolanda"]
[Site "SchemingMind.com"]
[Date "2023.04.19"]
[Round "-"]
[White "Robert Bruce"]
[Black "eliecercruzr"]
[Result "1-0"]
[WhiteCountry "SCO"]
[BlackCountry "CUB"]
[WhiteElo "2294"]
[WhiteRD "68"]
[BlackElo "2320"]
[BlackRD "69"]
[GameID "733321"]

1. c4 Nf6 2. g3 e5 3. Bg2 Nc6 4. Nc3 Bb4 5. Nd5 O-O 6. Nf3 e4 7. Nh4 d6 8. O-O g5 9. d4 h6 10. Nxb4 Nxb4
11. f3 e3 12. Bxe3 Re8 13. Qd2 Nh7 14. Bf2 c5 15. d5 gxh4 16. gxh4 Qf6 17. a3 Na6 18. e4 Rb8 19. Kh1 b5 20. cxb5 Rxb5
21. b4 Nf8 22. Rg1 Rb6 23. f4 Rb8 24. Rae1 Ng6 25. h5 Nxf4 26. Ref1 Kh7 27. Be3 Re5 28. Bxf4 Rb7 29. Qd3 Rc7 30. Bh3
1-0

[Event "Vindolanda"]
[Site "SchemingMind.com"]
[Date "2023.04.20"]
[Round "-"]
[White "eliecercruzr"]
[Black "Robert Bruce"]
[Result "1/2-1/2"]
[WhiteCountry "CUB"]
[BlackCountry "SCO"]
[WhiteElo "2304"]
[WhiteRD "68"]
[BlackElo "2279"]
[BlackRD "66"]
[GameID "733322"]

1. e4 e5 2. Nf3 d5 3. exd5 Bd6 4. d4 e4 5. Nfd2 Nf6 6. c4 O-O 7. Be2 b5 8. cxb5 a6 9. Nc3 axb5 10. O-O Qe7
11. Nxb5 Nxd5 12. Nc4 Bf4 13. Nc3 Nxc3 14. bxc3 Bxc1 15. Qxc1 Ba6 16. Qd2 Qe6 17. Ne3 f5 18. f4 Bxe2 19. Qxe2 Nd7 20. a4 Ra5
21. Qc4 Qxc4 22. Nxc4 Ra6 23. Rfb1 Rfa8 24. Rb4 Nf6 25. Ne3 g6 26. Kf2 Kf7 27. g3 h5 28. h4 Ke6 29. c4 R8a7 30. Ke2 c6
31. Kd2 Kd7 32. Kc2 Kc7 33. Kd2 Ra8 34. c5 Nd5 35. Nxd5+ cxd5 36. Ke3 Rf8 37. Rb5 Rfa8 38. Rb4 Rh8 39. Kf2 Re8 40. Ke3 Rea8
41. Kd2 R6a7 42. Kc3 Ra5 43. Kb3 R8a6 44. Re1 Ra8 45. Ra1 R8a6 46. Rb1=
1/2-1/2

[Event "Vindolanda"]
[Site "SchemingMind.com"]
[Date "2023.04.19"]
[Round "-"]
[White "William Lindberg"]
[Black "eliecercruzr"]
[Result "1/2-1/2"]
[WhiteCountry "USA"]
[BlackCountry "CUB"]
[WhiteElo "2346"]
[WhiteRD "63"]
[BlackElo "2318"]
[BlackRD "71"]
[GameID "733323"]

1. c4 c5 2. Nc3 Nc6 3. e3 Nf6 4. d4 cxd4 5. exd4 d5 6. Nf3 Bg4 7. cxd5 Nxd5 8. Qb3 Bxf3 9. gxf3 e6 10. Qxb7 Nxd4
11. Bb5+ Nxb5 12. Qc6+ Ke7 13. Qxb5 Rc8 14. O-O Nxc3 15. bxc3 Qd5 16. Qxd5 exd5 17. Rb1 Ke6 18. Re1+ Kf6 19. Rd1 Ke6=
1/2-1/2

[Event "Vindolanda"]
[Site "SchemingMind.com"]
[Date "2023.04.19"]
[Round "-"]
[White "eliecercruzr"]
[Black "William Lindberg"]
[Result "1/2-1/2"]
[WhiteCountry "CUB"]
[BlackCountry "USA"]
[WhiteElo "2280"]
[WhiteRD "74"]
[BlackElo "2366"]
[BlackRD "65"]
[GameID "733324"]

1. e4 e5 2. Nf3 Nc6 3. Bc4 Bc5 4. c3 Nf6 5. d4 exd4 6. e5 d5 7. Bb5 Ne4 8. cxd4 Bb6 9. Nc3 O-O 10. O-O Bg4
11. Bxc6 bxc6 12. h3 Bh5 13. Be3 Nxc3 14. bxc3 Qe7 15. Bc1=
1/2-1/2

[Event "Vindolanda"]
[Site "SchemingMind.com"]
[Date "2023.04.19"]
[Round "-"]
[White "Matthew Bailey"]
[Black "eliecercruzr"]
[Result "1-0"]
[WhiteCountry "ENG"]
[BlackCountry "CUB"]
[WhiteElo "2607"]
[WhiteRD "75"]
[BlackElo "2318"]
[BlackRD "71"]
[GameID "733327"]

1. d4 d5 2. g3 Nf6 3. Nf3 c5 4. Bg2 cxd4 5. O-O e6 6. Nxd4 e5 7. Nb3 Be6 8. Nc3 Be7 9. f4 exf4 10. gxf4 g6
11. Nd4 Nc6 12. Nxe6 fxe6 13. Kh1 O-O 14. a3 Qc7 15. Be3 Nh5 16. Nb5 Qd7 17. c4 Na5 18. b3 Rfd8 19. f5 gxf5 20. Qe1 Nxb3
21. Rd1 Bf6 22. Qb4 a6 23. Nc3 d4 24. Qxb3 Qf7 25. Ne4 dxe3 26. Nd6 Qe7 27. c5 Ng7 28. Nxb7 Rxd1 29. Rxd1 f4 30. Bf3 Be5
31. Qc4 Kh8 32. Nd6 Rb8 33. Qxa6 Qc7 34. Qd3 Kg8 35. Ne4 Qe7 36. a4 Nf5 37. Nd6
1-0

[Event "Vindolanda"]
[Site "SchemingMind.com"]
[Date "2023.04.19"]
[Round "-"]
[White "eliecercruzr"]
[Black "Matthew Bailey"]
[Result "0-1"]
[WhiteCountry "CUB"]
[BlackCountry "ENG"]
[WhiteElo "2318"]
[WhiteRD "71"]
[BlackElo "2607"]
[BlackRD "75"]
[GameID "733328"]

1. e4 e5 2. Nf3 Nc6 3. Bc4 Bc5 4. c3 Nf6 5. d4 exd4 6. e5 d5 7. Bb5 Ne4 8. cxd4 Bb6 9. Be3 O-O 10. Nc3 Bg4
11. h3 Bh5 12. Bxc6 bxc6 13. O-O f6 14. g4 Bg6 15. exf6 Qxf6 16. Ne5 Qh4 17. Nxg6 hxg6 18. Nxe4 dxe4 19. Kg2 Rf3 20. Rh1 Raf8
21. Qe2 Kh7 22. Rac1 Qf6 23. Rc4 a5 24. Rhc1 Qh4 25. Rh1 Qd8 26. Qc2 Qh4 27. Qd2 Qf6 28. Rc2 Rd8 29. Bg5 Rxf2+ 30. Qxf2 Qxg5
31. Rd1 e3 32. Qf3 Qe7 33. Qxc6 Rd6 34. Qb7 Qe8 35. Rf1 c6 36. Re2 Qe4+ 37. Kg1 Qd3 38. Qxb6 Qxe2 39. Qxa5 Qxb2 40. Qe5 Rxd4
41. Qxe3 c5 42. Rf2 Qb1+ 43. Kg2 Qb7+ 44. Kh2 Qc7+ 45. Kg2 Qd7 46. Re2 c4 47. Kh2 Rd1 48. Kg2 Qc6+ 49. Qe4 Qc5 50. Qe3 Qb5
51. Rf2 Qd5+ 52. Qf3 Qd4 53. Qf4 Qd5+ 54. Qf3 Qd6 55. Qf4 Qc5 56. h4 c3 57. h5 gxh5 58. Qf3 Rd4 59. Qf5+ Qxf5 60. Rxf5 Rxg4+
0-1

[Event "Vindolanda"]
[Site "SchemingMind.com"]
[Date "2023.04.20"]
[Round "-"]
[White "eliecercruzr"]
[Black "palberto1963"]
[Result "1/2-1/2"]
[WhiteCountry "CUB"]
[BlackCountry "ESP"]
[WhiteElo "2318"]
[WhiteRD "71"]
[BlackElo "2431"]
[BlackRD "97"]
[GameID "733329"]

1. e4 c5 2. c3 Nf6 3. e5 Nd5 4. Nf3 Nc6 5. d4 cxd4 6. Bc4 Nb6 7. Bb3 d5 8. exd6 Qxd6 9. O-O Be6 10. Nxd4 Nxd4
11. cxd4 Bxb3 12. Qxb3 e6 13. Nc3 Qb4 14. d5 Qxb3 15. axb3 Nxd5 16. Nxd5 exd5 17. Be3 a6 18. Rfe1=
1/2-1/2

[Event "Vindolanda"]
[Site "SchemingMind.com"]
[Date "2023.04.20"]
[Round "-"]
[White "palberto1963"]
[Black "eliecercruzr"]
[Result "1-0"]
[WhiteCountry "ESP"]
[BlackCountry "CUB"]
[WhiteElo "2472"]
[WhiteRD "90"]
[BlackElo "2320"]
[BlackRD "69"]
[GameID "733330"]

1. Nf3 Nf6 2. c4 e6 3. Nc3 d5 4. d4 Nbd7 5. cxd5 exd5 6. Bg5 c6 7. e3 h6 8. Bh4 Be7 9. Qc2 Nh5 10. Bxe7 Qxe7
11. O-O-O Nhf6 12. Bd3 O-O 13. Rhg1 b5 14. g4 b4 15. Ne2 Ne4 16. Nf4 Bb7 17. g5 hxg5 18. Nxg5 Nxg5 19. Qe2 Ne6 20. Qh5 Nf6
21. Qh6 Ne4 22. Bxe4 dxe4 23. Rg3 Ng5 24. Rxg5
1-0

[Event "Vindolanda"]
[Site "SchemingMind.com"]
[Date "2023.04.20"]
[Round "-"]
[White "Robert Bruce"]
[Black "Robert Hatfield"]
[Result "1-0"]
[WhiteCountry "SCO"]
[BlackCountry "USA"]
[WhiteElo "2294"]
[WhiteRD "68"]
[BlackElo "1782"]
[BlackRD "62"]
[GameID "733347"]

1. d4 Nf6 2. Nf3 e6 3. Bg5 c5 4. e3 Be7 5. Bd3 O-O 6. c3 d5 7. Nbd2 Nc6 8. O-O c4 9. Bc2 h6 10. Bf4 b5
11. Kh1 Bb7 12. Qe2 a5 13. g4 g5 14. Bg3 b4 15. h4 Ne4 16. Nxe4 dxe4 17. Bxe4 gxh4 18. Bh2 Bg5 19. Qxc4 Rc8 20. Qe2 Qb6
21. c4 Ba6 22. Rac1 Rfd8 23. Rfd1 Qa7 24. b3 Qb6 25. Nxg5 hxg5 26. f4 Kg7 27. fxg5
1-0

[Event "Vindolanda"]
[Site "SchemingMind.com"]
[Date "2023.04.20"]
[Round "-"]
[White "Robert Hatfield"]
[Black "Robert Bruce"]
[Result "0-1"]
[WhiteCountry "USA"]
[BlackCountry "SCO"]
[WhiteElo "1782"]
[WhiteRD "62"]
[BlackElo "2294"]
[BlackRD "68"]
[GameID "733348"]

1. c4 c5 2. Nf3 Nc6 3. Nc3 e5 4. d3 Nge7 5. Ne4 d5 6. cxd5 Nxd5 7. g3 Be7 8. Bg2 Be6 9. O-O h6 10. Bd2 f5
11. Nc3 Ndb4 12. a3 Nd5 13. Rc1 O-O 14. Nxd5 Bxd5 15. Bc3 Qd6 16. Qc2 Rac8 17. Qb1 Qe6 18. Nd2 Bxg2 19. Kxg2 Bg5 20. Rcd1 Bxd2
21. Rxd2 f4 22. b4 Ne7 23. Qa2 Nd5 24. bxc5 Kh8 25. Bb4 fxg3 26. hxg3 Nf4+
0-1

[Event "Vindolanda"]
[Site "SchemingMind.com"]
[Date "2023.04.19"]
[Round "-"]
[White "William Lindberg"]
[Black "Robert Hatfield"]
[Result "1-0"]
[WhiteCountry "USA"]
[BlackCountry "USA"]
[WhiteElo "2346"]
[WhiteRD "63"]
[BlackElo "1782"]
[BlackRD "62"]
[GameID "733349"]

1. e4 e6 2. d4 d5 3. Nc3 Bb4 4. a3 Bxc3+ 5. bxc3 dxe4 6. Qg4 Nf6 7. Qxg7 Rg8 8. Qh6 Rg6 9. Qd2 b6 10. Ne2 Ba6
11. Nf4 Bxf1 12. Rxf1 Rg8 13. f3 Qe7 14. fxe4 Nxe4 15. Qd3 Qh4+ 16. g3 Nxg3 17. hxg3 Rxg3 18. Qb5+ c6 19. Qh5 Qxh5 20. Nxh5 Rh3
21. Ng7+
1-0

[Event "Vindolanda"]
[Site "SchemingMind.com"]
[Date "2023.04.20"]
[Round "-"]
[White "Robert Hatfield"]
[Black "William Lindberg"]
[Result "0-1"]
[WhiteCountry "USA"]
[BlackCountry "USA"]
[WhiteElo "1782"]
[WhiteRD "62"]
[BlackElo "2346"]
[BlackRD "63"]
[GameID "733350"]

1. c4 e5 2. Nc3 Nf6 3. Nf3 Nc6 4. e3 Bb4 5. Qc2 O-O 6. Nd5 Re8 7. Qf5 d6 8. Nxf6+ Qxf6 9. Qxf6 gxf6 10. a3 Bc5
11. b4 Bb6 12. Bb2 a5 13. b5 Ne7 14. d4 a4 15. O-O-O Ng6 16. Nd2 exd4 17. Bxd4 Bxd4 18. exd4 Kf8 19. Bd3 Nf4 20. Be4 f5
21. Bf3 Nd3+ 22. Kc2 Nxf2 23. Nb1 Nxh1 24. Rxh1 f4 25. Nc3 Bf5+ 26. Kd2 Re3
0-1

[Event "Vindolanda"]
[Site "SchemingMind.com"]
[Date "2023.04.19"]
[Round "-"]
[White "Robert Hatfield"]
[Black "Matthew Bailey"]
[Result "0-1"]
[WhiteCountry "USA"]
[BlackCountry "ENG"]
[WhiteElo "1782"]
[WhiteRD "62"]
[BlackElo "2607"]
[BlackRD "75"]
[GameID "733353"]

1. c4 e5 2. Nc3 Nf6 3. Nf3 e4 4. Nd4 Nc6 5. Nc2 Bc5 6. d4 exd3 7. exd3 d5 8. d4 Be7 9. Be2 dxc4 10. O-O Be6
11. Bf4 O-O 12. h3 Nb4 13. Be3 c6 14. a3 Nxc2 15. Qxc2 h6 16. Rad1 Re8 17. Bf3 Bd6 18. Ne4 Nxe4 19. Bxe4 Bd5 20. Bf5 Bc7
21. Qc1 Bxg2
0-1

[Event "Vindolanda"]
[Site "SchemingMind.com"]
[Date "2023.04.19"]
[Round "-"]
[White "Matthew Bailey"]
[Black "Robert Hatfield"]
[Result "1-0"]
[WhiteCountry "ENG"]
[BlackCountry "USA"]
[WhiteElo "2607"]
[WhiteRD "75"]
[BlackElo "1782"]
[BlackRD "62"]
[GameID "733354"]

1. d4 Nf6 2. c4 e6 3. Nc3 Bb4 4. g3 O-O 5. Bg2 d5 6. a3 Be7 7. Nf3 dxc4 8. Ne5 c5 9. dxc5 Qxd1+ 10. Nxd1 Bxc5
11. Nxc4 Nc6 12. b4 Bd4 13. Bb2 Bd7 14. O-O Rab8 15. Nd6 Bxb2 16. Nxb2 b6 17. Rfd1 Ne5 18. b5 Bc8 19. Rac1 Ned7 20. Rc7 Nc5
21. Rxa7 Rd8 22. Nxf7
1-0

[Event "Vindolanda"]
[Site "SchemingMind.com"]
[Date "2023.04.20"]
[Round "-"]
[White "Robert Hatfield"]
[Black "eliecercruzr"]
[Result "0-1"]
[WhiteCountry "USA"]
[BlackCountry "CUB"]
[WhiteElo "1782"]
[WhiteRD "62"]
[BlackElo "2318"]
[BlackRD "71"]
[GameID "733355"]

1. c4 c5 2. Nf3 Nf6 3. Nc3 Nc6 4. d4 cxd4 5. Nxd4 e6 6. g3 Qb6 7. Nb3 d5 8. cxd5 Bb4 9. dxc6 Ne4 10. Be3 Nxc3
11. bxc3 Bxc3+ 12. Bd2 Bxd2+ 13. Qxd2 Qxc6 14. Rg1 O-O 15. Bg2 Qc7 16. Rc1 Qe7 17. Rd1 Qe8 18. Qd6 e5 19. Nc5 Qb5 20. Kf1 Re8
21. h4 h6 22. Rh1 Bg4 23. f3 Bf5 24. Kf2 Rad8 25. Qxd8 Qxc5+ 26. e3 Rxd8 27. Rxd8+ Kh7 28. Rhd1 Be6 29. R1d2 b5 30. Bf1 g6
31. Bd3 Qc1 32. Bf1 b4 33. Bg2 a5
0-1

[Event "Vindolanda"]
[Site "SchemingMind.com"]
[Date "2023.04.19"]
[Round "-"]
[White "eliecercruzr"]
[Black "Robert Hatfield"]
[Result "1-0"]
[WhiteCountry "CUB"]
[BlackCountry "USA"]
[WhiteElo "2318"]
[WhiteRD "71"]
[BlackElo "1782"]
[BlackRD "62"]
[GameID "733356"]

1. e4 e6 2. d4 d5 3. Nc3 Bb4 4. exd5 exd5 5. Bd3 Nc6 6. Nf3 Nge7 7. O-O Bg4 8. h3 Bh5 9. a3 Bxc3 10. bxc3 Bg6
11. c4 O-O 12. cxd5 Nxd5 13. Bxg6 hxg6 14. Qd3 Qd6 15. c4 Nf4 16. Qe4 Nh5 17. Re1 Qf6 18. g4 Rae8 19. Qxe8 Qxf3 20. Qe3 Qxe3
21. Bxe3 Nf6 22. Rac1 Re8 23. Kg2 Ne4 24. f3 Nd6 25. c5 Nc8 26. d5
1-0

[Event "Vindolanda"]
[Site "SchemingMind.com"]
[Date "2023.04.20"]
[Round "-"]
[White "Robert Hatfield"]
[Black "palberto1963"]
[Result "0-1"]
[WhiteCountry "USA"]
[BlackCountry "ESP"]
[WhiteElo "1782"]
[WhiteRD "62"]
[BlackElo "2431"]
[BlackRD "97"]
[GameID "733357"]

1. c4 e5 2. Nf3 e4 3. Nd4 Nc6 4. Nc2 d5 5. cxd5 Qxd5 6. Nc3 Qe5 7. Ne3 Nf6 8. b3 Be6 9. Bb2 Qh5 10. Rc1 O-O-O
11. h3 Bc5 12. g3 Bxe3 13. fxe3 Qg5 14. Kf2 Rd7 15. d4 exd3 16. exd3 Rhd8 17. Na4 Ne4+
0-1

[Event "Vindolanda"]
[Site "SchemingMind.com"]
[Date "2023.04.20"]
[Round "-"]
[White "palberto1963"]
[Black "Robert Hatfield"]
[Result "1-0"]
[WhiteCountry "ESP"]
[BlackCountry "USA"]
[WhiteElo "2472"]
[WhiteRD "90"]
[BlackElo "1782"]
[BlackRD "62"]
[GameID "733358"]

1. Nf3 d5 2. d4 Nf6 3. c4 e6 4. Nc3 Bb4 5. Bg5 h6 6. Bxf6 Qxf6 7. e3 O-O 8. Rc1 dxc4 9. Bxc4 c5 10. O-O cxd4
11. Ne4 Qe7 12. Nxd4 Bd7 13. Be2 Nc6 14. a3 Ba5 15. Nb3 Bc7 16. Nbc5 Bc8 17. b4 b6 18. Na6 Bxa6 19. Bxa6 Nd8 20. Nc3 Rb8
21. Nb5
1-0